A Green Procedure for the Diazotization-Iodination of Aromatic Amines under Aqueous, Strong-Acid-Free Conditions; Journal of Synthetic Organic Chemistry. Synthesis; 13

Detalhes bibliográficos
Parent link:Journal of Synthetic Organic Chemistry. Synthesis: Scientific Journal
13.— 2011.— [P. 2154-2158]
Outros Autores: Trusova M. E. Marina Evgenievna, Krasnokutskaya E. A . Elena Aleksandrovna, Postnikov P. S. Pavel Sergeevich, Younghwa Choi, Ki-Whan Chi, Filimonov V. D. Viktor Dmitrievich
Resumo:Title screen
A convenient and mild one-pot method for the synthesis of iodoarenes in high yields by the sequential diazotization-iodination of aromatic amines with a reusable polymeric diazotization agent in the presence of p-toluenesulfonic acid at room temperature in water was developed. The method is general and is the greenest alternative of the known diazotization-iodination methods. The method is also effective for the preparation of 1H-benzo[d][1,2,3]triazole and benzo[d][1,2,3]thiadiazole
Режим доступа: по договору с организацией-держателем ресурса
Idioma:inglês
Publicado em: 2011
Assuntos:
Acesso em linha:https://www.thieme-connect.de/ejournals/html/10.1055/s-0030-1260046
Formato: Recurso Electrónico Capítulo de Livro
KOHA link:https://koha.lib.tpu.ru/cgi-bin/koha/opac-detail.pl?biblionumber=636574

MARC

LEADER 00000nla0a2200000 4500
001 636574
005 20250522092010.0
035 |a (RuTPU)RU\TPU\network\604 
090 |a 636574 
100 |a 20140217d2011 k||y0rusy50 ba 
101 0 |a eng 
102 |a US 
135 |a drnn ---uucaa 
181 0 |a i  
182 0 |a b 
200 1 |a A Green Procedure for the Diazotization-Iodination of Aromatic Amines under Aqueous, Strong-Acid-Free Conditions  |f M. E. Trusova [et al.] 
203 |a Text  |c electronic 
300 |a Title screen 
320 |a [Referenses: p. 2158 (17 tit.)] 
330 |a A convenient and mild one-pot method for the synthesis of iodoarenes in high yields by the sequential diazotization-iodination of aromatic amines with a reusable polymeric diazotization agent in the presence of p-toluenesulfonic acid at room temperature in water was developed. The method is general and is the greenest alternative of the known diazotization-iodination methods. The method is also effective for the preparation of 1H-benzo[d][1,2,3]triazole and benzo[d][1,2,3]thiadiazole 
333 |a Режим доступа: по договору с организацией-держателем ресурса 
461 |t Journal of Synthetic Organic Chemistry. Synthesis  |o Scientific Journal 
463 |t 13  |v [P. 2154-2158]  |d 2011 
610 1 |a электронный ресурс 
610 1 |a труды учёных ТПУ 
610 1 |a диазотирование 
610 1 |a diazotization 
610 1 |a halogenation 
610 1 |a iodination 
610 1 |a иодирование 
610 1 |a гетероциклы 
610 1 |a heterocycles 
610 1 |a амины 
610 1 |a amines 
701 1 |a Trusova  |b M. E.  |c organic chemist  |c Associate professor of Tomsk Polytechnic University, Candidate of chemical sciences  |f 1982-  |g Marina Evgenievna  |3 (RuTPU)RU\TPU\pers\31823  |9 15918 
701 1 |a Krasnokutskaya  |b E. A .  |c organic chemist  |c Professor of Tomsk Polytechnic University, Doctor of chemical sciences  |f 1966-  |g Elena Aleksandrovna  |3 (RuTPU)RU\TPU\pers\31829  |9 15924 
701 1 |a Postnikov  |b P. S.  |c organic chemist  |c Associate Professor of Tomsk Polytechnic University, Candidate of chemical sciences  |f 1984-  |g Pavel Sergeevich  |3 (RuTPU)RU\TPU\pers\31287  |9 15465 
701 0 |a Younghwa Choi 
701 0 |a Ki-Whan Chi 
701 1 |a Filimonov  |b V. D.  |c Russian chemist  |c Professor of the TPU  |f 1945-  |g Viktor Dmitrievich  |3 (RuTPU)RU\TPU\pers\26423  |9 12127 
801 2 |a RU  |b 63413507  |c 20160419  |g RCR 
850 |a 63413507 
856 4 |u https://www.thieme-connect.de/ejournals/html/10.1055/s-0030-1260046 
942 |c CF